[Event "FIDE World Senior Team Championship 2020"]
[Site "Olympik hotel, Sokolovska 138, Prague"]
[Date "2020.03.10"]
[Round "5.7.2"]
[White "Jonsson, Bjorgvin"]
[Black "Druckenthaner, Andreas"]
[Result "1-0"]
[WhiteElo "2324"]
[BlackElo "2277"]
[PlyCount "161"]
[WhiteTeam "ISL"]
[BlackTeam "AUT"]
[EventDate "2020.03.06"]

1. e4 g6 2. d4 Bg7 3. Nc3 d6 4. Be3 c6 5. Qd2 b5 6. Bd3 Qc7 7. O-O-O Nd7 8. h4
h5 9. Kb1 Ngf6 10. f3 Nb6 11. Nh3 Bxh3 12. Rxh3 Nfd7 13. f4 Rb8 14. e5 b4 15.
Ne2 Nd5 16. e6 N7f6 17. f5 gxf5 18. exf7+ Kxf7 19. Bxf5 e6 20. Bd3 Qa5 21. Ka1
Ke7 22. Bg5 Kd7 23. Rf3 Rbf8 24. Rdf1 Ng4 25. Rf7+ Kc8 26. Qe1 Rxf7 27. Rxf7
Bf6 28. Nf4 Nxf4 29. Bxf4 e5 30. Bf5+ Kb8 31. Bxg4 hxg4 32. Rxf6 exf4 33. Rxf4
Qd5 34. Qxb4+ Ka8 35. Qd2 Rxh4 36. b3 c5 37. Kb2 Kb7 38. g3 Rh7 39. Rxg4 Rc7
40. Rg5 Qf3 41. Qf4 Qg2 42. Qxd6 cxd4 43. Qd5+ Qxd5 44. Rxd5 Rg7 45. Rxd4 Rxg3
46. b4 Kc6 47. a3 a5 48. Rc4+ Kb6 49. Rc5 axb4 50. axb4 Rg1 51. Rh5 Rg3 52. c3
Rf3 53. Kb3 Rg3 54. Rh6+ Kb5 55. Rh8 Rf3 56. Rd8 Rh3 57. Rd5+ Kc6 58. Re5 Rh1
59. Re6+ Kd5 60. Rg6 Rb1+ 61. Ka4 Rc1 62. Rg5+ Kc6 63. b5+ Kb6 64. Rg6+ Kb7 65.
Kb4 Rh1 66. c4 Rh4 67. Re6 Rg4 68. Kc5 Rg5+ 69. Kd4 Rg4+ 70. Kd5 Rg1 71. Rd6
Rg5+ 72. Kd4 Rh5 73. Rd5 Rh7 74. Kc5 Rh4 75. Rd7+ Kc8 76. Rg7 Kb8 77. b6 Rh5+
78. Kc6 Rh6+ 79. Kb5 Rh1 80. c5 Rh5 81. Ka6 1-0

[Event "FIDE World Senior Team Championship 2020"]
[Site "Olympik hotel, Sokolovska 138, Prague"]
[Date "2020.03.10"]
[Round "5.8.1"]
[White "Fritsche, Lutz"]
[Black "Bryson, Douglas M"]
[Result "0-1"]
[WhiteElo "2321"]
[BlackElo "2334"]
[PlyCount "126"]
[WhiteTeam "GER1"]
[BlackTeam "SCO1"]
[EventDate "2020.03.06"]

1. e4 d5 2. exd5 Nf6 3. d4 Bg4 4. f3 Bf5 5. Bb5+ c6 6. dxc6 Nxc6 7. Ne2 Qb6 8.
Bxc6+ Qxc6 9. Nbc3 e6 10. Be3 Rd8 11. O-O Bb4 12. d5 Nxd5 13. Nxd5 Rxd5 14. Nd4
Bc5 15. Re1 Bxd4 16. Bxd4 Bxc2 17. Qd2 Qc4 18. Rac1 Qxd4+ 19. Qxd4 Rxd4 20.
Rxc2 Ke7 21. Rc7+ Rd7 22. Rxd7+ Kxd7 23. Rd1+ Ke7 24. Rc1 Rd8 25. Rc2 e5 26.
Kf2 Rd7 27. Ke3 Ke6 28. h4 h5 29. Rc8 Kf5 30. g3 g6 31. Rc5 f6 32. a4 Rd4 33.
Rb5 b6 34. b3 Ke6 35. f4 Rd5 36. Rb4 Kd6 37. fxe5+ Rxe5+ 38. Kf3 Rc5 39. g4 Ke6
40. gxh5 Rxh5 41. Rg4 g5 42. hxg5 Rxg5 43. Rb4 Rh5 44. Kg4 Rd5 45. Kf4 Rd3 46.
Rb5 Rd4+ 47. Ke3 Rd5 48. Rb4 Rh5 49. Kf3 Kd6 50. Kg4 Rg5+ 51. Kf4 Kc6 52. Ke3
a5 53. Rf4 Rg3+ 54. Kd4 Rxb3 55. Rxf6+ Kb7 56. Rf7+ Ka6 57. Rc7 Rb4+ 58. Rc4 b5
59. Rxb4 axb4 60. axb5+ Kxb5 61. Kd3 Ka4 62. Kc2 Ka3 63. Kb1 Kb3 0-1

[Event "FIDE World Senior Team Championship 2020"]
[Site "Olympik hotel, Sokolovska 138, Prague"]
[Date "2020.03.10"]
[Round "5.8.2"]
[White "Farrell, Neil"]
[Black "Schulz, Klaus-Juergen"]
[Result "1-0"]
[WhiteElo "2183"]
[BlackElo "2331"]
[PlyCount "45"]
[WhiteTeam "SCO1"]
[BlackTeam "GER1"]
[EventDate "2020.03.06"]

1. d4 Nf6 2. c4 e6 3. g3 Bb4+ 4. Bd2 a5 5. Bg2 O-O 6. e4 d6 7. Ne2 e5 8. O-O
Re8 9. d5 Bd7 10. Nbc3 h6 11. h3 a4 12. f4 exf4 13. Bxf4 Nh7 14. Kh2 Nf8 15.
Qd2 Ng6 16. a3 Bc5 17. e5 Nxf4 18. Qxf4 dxe5 19. Qxf7+ Kh8 20. Ne4 Bf8 21. N2c3
Na6 22. Qg6 Re7 23. Ng5 1-0

[Event "FIDE World Senior Team Championship 2020"]
[Site "Olympik hotel, Sokolovska 138, Prague"]
[Date "2020.03.10"]
[Round "5.8.4"]
[White "Burnett, Andrew"]
[Black "Wolf, Volker"]
[Result "1/2-1/2"]
[WhiteElo "2138"]
[BlackElo "2278"]
[PlyCount "139"]
[WhiteTeam "SCO1"]
[BlackTeam "GER1"]
[EventDate "2020.03.06"]

1. d4 e6 2. Nf3 Nf6 3. Bf4 c5 4. e3 b6 5. Nbd2 cxd4 6. exd4 Be7 7. h3 Bb7 8.
Bd3 d6 9. O-O O-O 10. Re1 Re8 11. Bh2 a6 12. a4 Nc6 13. c3 Bf8 14. Qe2 Ne7 15.
Ng5 Ned5 16. Nde4 h6 17. Nxf6+ Nxf6 18. Ne4 Nxe4 19. Bxe4 Bxe4 20. Qxe4 d5 21.
Qg4 b5 22. Bf4 Kh7 23. Re3 Qf6 24. Be5 Qe7 25. h4 g6 26. h5 g5 27. Qe2 Qd7 28.
f4 Be7 29. fxg5 Bxg5 30. Rf3 f5 31. Qd3 Rg8 32. Raf1 Raf8 33. axb5 axb5 34. Kh1
Bd8 35. Rf4 Rg5 36. Qh3 Rfg8 37. R4f2 Rg4 38. Kg1 Rh4 39. Qd3 Rxh5 40. b3 Bc7
41. Qe2 Rh4 42. Rf4 Rxf4 43. Rxf4 Rg3 44. Bxc7 Qxc7 45. Rf3 Rxf3 46. Qxf3 Kg7
47. Qe3 Qd6 48. b4 Kg6 49. Qe2 Qc6 50. Qe3 Kh7 51. Kh1 Kg6 52. Qg3+ Kh7 53. Qe3
Qa6 54. Kh2 Qd6+ 55. Kh1 Kg6 56. Qe2 Qc6 57. Qe3 Qd7 58. Qg3+ Kh7 59. Qe3 Qe8
60. Qe2 Kg6 61. Qe3 h5 62. Qg3+ Kh7 63. Qc7+ Kg8 64. Qg3+ Kf7 65. Qg5 Qh8 66.
Qg3 Qe8 67. Qc7+ Qe7 68. Qc6 Qh4+ 69. Kg1 Qe1+ 70. Kh2 1/2-1/2

[Event "FIDE World Senior Team Championship 2020"]
[Site "Olympik hotel, Sokolovska 138, Prague"]
[Date "2020.03.10"]
[Round "5.9.2"]
[White "Bartos, Jan"]
[Black "Bellin, Jana M"]
[Result "1/2-1/2"]
[WhiteElo "2102"]
[BlackElo "2020"]
[PlyCount "101"]
[WhiteTeam "CZE5"]
[BlackTeam "ENGW"]
[EventDate "2020.03.06"]

1. d4 Nf6 2. c4 c5 3. d5 e5 4. Nc3 d6 5. e4 Be7 6. Bd3 a6 7. a3 O-O 8. Nf3 Ne8
9. O-O Nd7 10. b4 b6 11. Rb1 g6 12. Bh6 Ng7 13. Qd2 Nf6 14. bxc5 bxc5 15. h3
Bd7 16. Rb7 Rb8 17. Rxb8 Qxb8 18. Rb1 Qc8 19. Kh2 Kh8 20. Qb2 Ng8 21. Bd2 f5
22. Qb7 Nf6 23. Qxc8 Bxc8 24. Rb6 Rd8 25. exf5 gxf5 26. Bc2 Nd7 27. Rc6 Kg8 28.
Bg5 Bxg5 29. Nxg5 Nf6 30. Na4 h6 31. Nf3 Nfe8 32. Nd2 a5 33. Rb6 Bd7 34. Rb7 f4
35. Nb6 Bf5 36. Bxf5 Nxf5 37. f3 Nf6 38. Nb3 a4 39. Na5 Ne3 40. Nc6 Re8 41. g4
e4 42. Ne7+ Kf8 43. Ng6+ Kg8 44. Nxf4 exf3 45. Kg3 Ne4+ 46. Kxf3 Nd2+ 47. Kg3
Nexc4 48. Nd7 Ne4+ 49. Kh4 Ne5 50. Nxe5 Rxe5 51. Ng6 1/2-1/2

[Event "FIDE World Senior Team Championship 2020"]
[Site "Olympik hotel, Sokolovska 138, Prague"]
[Date "2020.03.10"]
[Round "5.9.3"]
[White "Fink-Nunn, Petra"]
[Black "Trejbal, Stanislav"]
[Result "0-1"]
[WhiteElo "1983"]
[BlackElo "2092"]
[PlyCount "106"]
[WhiteTeam "ENGW"]
[BlackTeam "CZE5"]
[EventDate "2020.03.06"]

1. e4 e6 2. d4 d5 3. Nc3 Nf6 4. e5 Nfd7 5. f4 g6 6. Nf3 c5 7. Be3 a6 8. Qd2 Nc6
9. dxc5 Bxc5 10. O-O-O b5 11. Bxc5 Nxc5 12. Nd4 Qb6 13. Nxc6 Qxc6 14. Bd3 Bb7
15. Ne2 Qb6 16. Kb1 O-O-O 17. Nd4 Kb8 18. Qe3 Na4 19. Rhe1 Rc8 20. g4 Qc5 21.
Bf1 h5 22. h3 hxg4 23. hxg4 Rh2 24. Re2 Rh1 25. Red2 Rch8 26. Rd3 Rc8 27. Bg2
Rh2 28. Qg3 Rh7 29. R3d2 b4 30. Rd3 a5 31. Rc1 Ba6 32. Nb3 Qb6 33. Rd2 Bc4 34.
f5 gxf5 35. gxf5 Bxb3 36. axb3 Nc5 37. f6 Rh5 38. Bf3 Rf5 39. Re1 Qc7 40. Rde2
Nd7 41. Bg2 Nxf6 42. Bh3 Ne4 43. Rxe4 dxe4 44. Bxf5 exf5 45. Qf4 Qxc2+ 46. Ka1
Qxb3 47. e6+ Kb7 48. Qxf5 Qxe6 49. Qb5+ Qb6 50. Qd5+ Qc6 51. Qxf7+ Rc7 52. Qf5
b3 53. Qxa5 Qc1+ 0-1

[Event "FIDE World Senior Team Championship 2020"]
[Site "Olympik hotel, Sokolovska 138, Prague"]
[Date "2020.03.10"]
[Round "5.12.3"]
[White "Berndt, Matthias"]
[Black "Thurstan, Tim M"]
[Result "0-1"]
[WhiteElo "2098"]
[BlackElo "1987"]
[PlyCount "72"]
[WhiteTeam "GER2"]
[BlackTeam "ENG2"]
[EventDate "2020.03.06"]

1. e4 e6 2. d3 d5 3. Nd2 Nf6 4. Ngf3 c5 5. g3 Be7 6. Bg2 b5 7. O-O Nc6 8. exd5
exd5 9. d4 c4 10. Ne5 Bb7 11. Ndf3 O-O 12. c3 Rc8 13. h4 Ne4 14. Bh3 f5 15. Bf4
a5 16. a3 Ra8 17. Ne1 b4 18. Nxc6 Bxc6 19. axb4 axb4 20. cxb4 Bxb4 21. Nc2 Ba4
22. Bxf5 Rxf5 23. Rxa4 Rxa4 24. Ne3 Ra2 25. Nxf5 Rxb2 26. Qg4 Qf8 27. Be5 Nf6
28. Qf3 Rb3 29. Qf4 Ba3 30. Ra1 c3 31. Kg2 c2 32. Rxa3 Qxa3 33. Qg5 Qf8 34. Bd6
Ne4 35. Ne7+ Kh8 36. Qh5 Qxf2+ 0-1

[Event "FIDE World Senior Team Championship 2020"]
[Site "Olympik hotel, Sokolovska 138,"]
[Date "2020.03.10"]
[Round "5.13"]
[White "Mai, Iris"]
[Black "Jeske, Eckhard"]
[Result "1/2-1/2"]
[WhiteElo "2035"]
[BlackElo "2158"]
[PlyCount "23"]
[EventDate "2020.03.06"]
[WhiteTeam "GERW1"]
[BlackTeam "GER3"]

1. d4 Nf6 2. Nf3 d5 3. c4 c6 4. Nc3 dxc4 5. a4 Bf5 6. e3 e6 7. Bxc4 Nbd7 8. O-O
Be7 9. Re1 Ne4 10. Nxe4 Bxe4 11. Bd2 O-O 12. Bc3 1/2-1/2

[Event "FIDE World Senior Team Championship 2020"]
[Site "Olympik hotel, Sokolovska 138,"]
[Date "2020.03.10"]
[Round "5.13"]
[White "Jansen, Andreas"]
[Black "Wolf, Sylvia"]
[Result "1/2-1/2"]
[WhiteElo "2095"]
[BlackElo "2035"]
[PlyCount "29"]
[EventDate "2020.03.06"]
[WhiteTeam "GER3"]
[BlackTeam "GERW1"]

1. e4 c5 2. Nf3 d6 3. d4 cxd4 4. Nxd4 Nf6 5. Nc3 a6 6. Be2 e5 7. Nb3 Be6 8. Be3
Qc7 9. O-O Nbd7 10. Rc1 Be7 11. f3 O-O 12. Qd2 Bc4 13. Bxc4 Qxc4 14. Nd5 Nxd5
15. Qxd5 1/2-1/2

[Event "FIDE World Senior Team Championship 2020"]
[Site "Olympik hotel, Sokolovska 138,"]
[Date "2020.03.10"]
[Round "5.13"]
[White "Skibbe, Diana"]
[Black "Van Bentum, Horst"]
[Result "1/2-1/2"]
[WhiteElo "2008"]
[BlackElo "2036"]
[PlyCount "21"]
[EventDate "2020.03.06"]
[WhiteTeam "GERW1"]
[BlackTeam "GER3"]

1. f4 d5 2. Nf3 Nf6 3. d3 e6 4. g3 Be7 5. Bg2 c5 6. O-O Nc6 7. c3 O-O 8. Nbd2
Ng4 9. Nb1 Nf6 10. Nbd2 Ng4 11. Nb1 1/2-1/2

[Event "FIDE World Senior Team Championship 2020"]
[Site "Olympik hotel, Sokolovska 138,"]
[Date "2020.03.10"]
[Round "5.13"]
[White "Moritz, Hartmut"]
[Black "Jeske, Kirsten"]
[Result "1/2-1/2"]
[WhiteElo "2088"]
[BlackElo "1953"]
[PlyCount "36"]
[EventDate "2020.03.06"]
[WhiteTeam "GER3"]
[BlackTeam "GERW1"]

1. e4 e5 2. Nf3 Nf6 3. Nxe5 d6 4. Nf3 Nxe4 5. Qe2 Qe7 6. d3 Nf6 7. Bg5 Qxe2+ 8.
Bxe2 Be7 9. O-O O-O 10. Nc3 c6 11. Rfe1 h6 12. Bd2 Bg4 13. Nd4 Bd7 14. Bf3 Re8
15. Ne4 Nxe4 16. Bxe4 Na6 17. Bf5 Bxf5 18. Nxf5 Bf8 1/2-1/2

[Event "FIDE World Senior Team Championship 2020"]
[Site "Olympik hotel, Sokolovska 138,"]
[Date "2020.03.10"]
[Round "5.14"]
[White "Jakel, Wolfgang"]
[Black "Svanda, Pavel"]
[Result "1-0"]
[WhiteElo "2260"]
[BlackElo "2074"]
[PlyCount "67"]
[EventDate "2020.03.06"]
[WhiteTeam "GER4"]
[BlackTeam "CZE8"]

1. c4 e6 2. Nc3 d5 3. e3 Nf6 4. Nf3 a6 5. a3 c5 6. d4 Nc6 7. dxc5 Bxc5 8. b4
Bd6 9. Bb2 O-O 10. cxd5 exd5 11. Be2 Be6 12. O-O Qb8 13. Rc1 Rd8 14. Na4 Nd7
15. h3 f6 16. Rxc6 bxc6 17. Nd4 Re8 18. Nxc6 Qc7 19. Nd4 Bf7 20. Qb3 Ne5 21.
Rc1 Nc4 22. Bf3 Rac8 23. Bg4 Rb8 24. Bf3 h5 25. Qd1 g6 26. Ba1 Rbc8 27. Nc3 Ne5
28. Be2 Qb7 29. Nb3 Nc4 30. Bf3 Nb6 31. Na5 Qc7 32. Qd3 Qe7 33. Qxa6 Qd8 34.
Nb7 1-0

[Event "FIDE World Senior Team Championship 2020"]
[Site "Olympik hotel, Sokolovska 138,"]
[Date "2020.03.10"]
[Round "5.14"]
[White "Miculka, Petr"]
[Black "Sandten, Ulrich"]
[Result "1/2-1/2"]
[WhiteElo "2040"]
[BlackElo "2100"]
[PlyCount "82"]
[EventDate "2020.03.06"]
[WhiteTeam "CZE8"]
[BlackTeam "GER4"]

1. e4 e6 2. d4 d5 3. Nc3 dxe4 4. Nxe4 Nd7 5. Bd3 Ngf6 6. Be3 Nxe4 7. Bxe4 Nf6
8. Bf3 Be7 9. Ne2 O-O 10. Qd3 Rb8 11. O-O-O b6 12. c4 Ba6 13. g4 c5 14. g5 Nd5
15. Be4 f5 16. gxf6 Nxf6 17. Nf4 Qd7 18. d5 exd5 19. Bxd5+ Nxd5 20. Nxd5 Bd6
21. Rhg1 Qf7 22. Rg5 Rb7 23. Rdg1 Qe6 24. Qc3 Rff7 25. b3 Rbd7 26. h4 Bb7 27.
h5 Bxd5 28. cxd5 Qe4 29. h6 Bf8 30. Re5 Qf3 31. Re8 Qxd5 32. hxg7 Rxg7 33.
Rxf8+ Kxf8 34. Bh6 Qd4 35. Qf3+ Kg8 36. Qa8+ Rd8 37. Rxg7+ Kh8 38. Rxa7 Qa1+
39. Kc2 Qd1+ 40. Kb2 Qd4+ 41. Ka3 Qb4+ 1/2-1/2

[Event "FIDE World Senior Team Championship 2020"]
[Site "Olympik hotel, Sokolovska 138,"]
[Date "2020.03.10"]
[Round "5.14"]
[White "Zimmermann, Rolf"]
[Black "Tesar, Jan"]
[Result "1-0"]
[WhiteElo "2090"]
[BlackElo "2008"]
[PlyCount "49"]
[EventDate "2020.03.06"]
[WhiteTeam "GER4"]
[BlackTeam "CZE8"]

1. c4 Nc6 2. Nc3 e5 3. g3 Bc5 4. Bg2 Nf6 5. Nf3 d6 6. d3 h6 7. O-O O-O 8. Na4
Bb6 9. a3 Be6 10. b4 e4 11. dxe4 Nxe4 12. Nxb6 axb6 13. Nd4 Nc3 14. Nxc6 Qf6
15. Bb2 Nxd1 16. Bxf6 bxc6 17. Bd4 c5 18. Bxa8 cxd4 19. Rfxd1 Rxa8 20. Rxd4 c5
21. Rxd6 cxb4 22. a4 Ra6 23. c5 b3 24. cxb6 Ra8 25. Rxe6 1-0

[Event "FIDE World Senior Team Championship 2020"]
[Site "Olympik hotel, Sokolovska 138,"]
[Date "2020.03.10"]
[Round "5.14"]
[White "Bradac, Roman"]
[Black "Hoehn, Michael"]
[Result "1-0"]
[WhiteElo "1974"]
[BlackElo "2036"]
[PlyCount "107"]
[EventDate "2020.03.06"]
[WhiteTeam "CZE8"]
[BlackTeam "GER4"]

1. d4 Nf6 2. Nf3 g6 3. c4 Bg7 4. Nc3 d5 5. Bg5 Ne4 6. Bh4 Nxc3 7. bxc3 c5 8.
cxd5 Qa5 9. Qd2 cxd4 10. cxd4 Qxd5 11. e3 Nc6 12. Rc1 Qa5 13. Qxa5 Nxa5 14. Be2
f6 15. O-O Bd7 16. d5 O-O 17. Rc7 Rfd8 18. Nd4 a6 19. Bf3 Rac8 20. Bg3 Nc4 21.
Rxc8 Bxc8 22. Ne6 Bxe6 23. dxe6 b5 24. Rd1 Rxd1+ 25. Bxd1 f5 26. Kf1 Be5 27.
Bh4 Kf8 28. Ke2 h6 29. f4 Bd6 30. Bb3 Nb6 31. Be1 b4 32. Kd3 a5 33. Bd2 g5 34.
g3 g4 35. Bc1 Ke8 36. Kd4 a4 37. Bc2 a3 38. Bxf5 Na4 39. Bc2 Nc3 40. Bd2 Ne2+
41. Kc4 Ng1 42. Bxb4 Bxb4 43. Kxb4 Nf3 44. Kxa3 Nxh2 45. Bd3 Kd8 46. Kb4 Nf3
47. Kc3 h5 48. Bf5 Kc7 49. Kd3 Kd6 50. Be4 Nh2 51. Ke2 Kxe6 52. Bg2 h4 53. gxh4
g3 54. a4 1-0

[Event "FIDE World Senior Team Championship 2020"]
[Site "Olympik hotel, Sokolovska 138,"]
[Date "2020.03.10"]
[Round "5.15"]
[White "Malinovsky, Petr"]
[Black "Pieper, Thomas"]
[Result "1/2-1/2"]
[WhiteElo "2101"]
[BlackElo "2258"]
[PlyCount "47"]
[EventDate "2020.03.06"]
[WhiteTeam "CZE9"]
[BlackTeam "GER5"]

1. d4 Nf6 2. c4 g6 3. Nc3 Bg7 4. e4 d6 5. f3 O-O 6. Be3 c5 7. dxc5 dxc5 8. Qxd8
Rxd8 9. Bxc5 Nc6 10. Nge2 Nd7 11. Bf2 Nde5 12. Nf4 Bh6 13. Bg3 Nb4 14. Rd1
Rxd1+ 15. Kxd1 Bxf4 16. Bxf4 Ned3 17. Be3 Nxb2+ 18. Kd2 Bd7 19. a3 Na6 20. Nd5
Kf8 21. Be2 Na4 22. Rb1 b6 23. Bh6+ Ke8 24. e5 1/2-1/2

[Event "FIDE World Senior Team Championship 2020"]
[Site "Olympik hotel, Sokolovska 138,"]
[Date "2020.03.10"]
[Round "5.15"]
[White "Kempter, Ronald"]
[Black "Kastner, Oldrich"]
[Result "1-0"]
[WhiteElo "2238"]
[BlackElo "1965"]
[PlyCount "43"]
[EventDate "2020.03.06"]
[WhiteTeam "GER5"]
[BlackTeam "CZE9"]

1. Nf3 c5 2. c4 Nf6 3. g3 d5 4. cxd5 Nxd5 5. Nc3 Nc6 6. Bg2 Nc7 7. O-O e5 8. a3
Be7 9. b4 cxb4 10. axb4 Bxb4 11. Nxe5 Bxc3 12. Nxc6 Qd7 13. dxc3 bxc6 14. Qa4
Nd5 15. Ba3 Bb7 16. Rfd1 O-O-O 17. Qxa7 Qe6 18. Rab1 Rd7 19. c4 Nc3 20. Rxd7
Qxd7 21. Bh3 Qxh3 22. Qxb7+ 1-0

[Event "FIDE World Senior Team Championship 2020"]
[Site "Olympik hotel, Sokolovska 138,"]
[Date "2020.03.10"]
[Round "5.15"]
[White "Vodicka, Pavel"]
[Black "Scheckenbach, Franz"]
[Result "0-1"]
[WhiteElo "1963"]
[BlackElo "2101"]
[PlyCount "96"]
[EventDate "2020.03.06"]
[WhiteTeam "CZE9"]
[BlackTeam "GER5"]

1. d4 Nf6 2. c4 g6 3. Nc3 Bg7 4. e4 d6 5. Nf3 O-O 6. Be2 e5 7. dxe5 dxe5 8.
Qxd8 Rxd8 9. Bg5 c6 10. Nxe5 Re8 11. O-O-O Na6 12. Nf3 Nc5 13. Nd2 a5 14. f3
Be6 15. Nb3 Nfd7 16. Be3 b6 17. g4 Ne5 18. Nxc5 bxc5 19. h4 Nxc4 20. Bxc5 Be5
21. b3 Bf4+ 22. Kc2 Ne3+ 23. Bxe3 Bxe3 24. Bc4 Bxc4 25. bxc4 Rab8 26. Rd6 Rec8
27. Rb1 Rb4 28. Rxb4 axb4 29. Na4 Ra8 30. Kb3 c5 31. Rd5 Rc8 32. Nb6 Rc6 33.
Rd8+ Kg7 34. Nd5 Ra6 35. Nxe3 Ra3+ 36. Kb2 Rxe3 37. Rd5 Rxf3 38. Rxc5 Rf4 39.
Kb3 Rxg4 40. Kxb4 Rxh4 41. a4 Rh1 42. a5 Rb1+ 43. Ka4 h5 44. a6 h4 45. Rg5 h3
46. Rg3 h2 47. Rh3 h1=Q 48. Rxh1 Rxh1 0-1

[Event "FIDE World Senior Team Championship 2020"]
[Site "Olympik hotel, Sokolovska 138,"]
[Date "2020.03.10"]
[Round "5.15"]
[White "Arndt, Olaf"]
[Black "Danek, Pavel"]
[Result "1-0"]
[WhiteElo "1887"]
[BlackElo "1882"]
[PlyCount "77"]
[EventDate "2020.03.06"]
[WhiteTeam "GER5"]
[BlackTeam "CZE9"]

1. e4 e6 2. d4 d5 3. Nc3 dxe4 4. Nxe4 Nd7 5. Nf3 Ngf6 6. Nxf6+ Nxf6 7. Bd3 c5
8. dxc5 Bxc5 9. Qe2 O-O 10. O-O b6 11. Bg5 Bb7 12. Rad1 Qe7 13. Ne5 Rad8 14.
Ng4 Rd5 15. Nxf6+ gxf6 16. Bh6 Kh8 17. Bxf8 Qxf8 18. Qf3 Qh6 19. Be4 Rf5 20.
Rd8+ Kg7 21. Qg3+ Rg5 22. Qb8 Qh4 23. Rg8+ Kh6 24. Rxg5 Bxe4 25. Rg3 Bf5 26.
Qg8 Bd6 27. Qg7+ Kh5 28. Qxf7+ Kh6 29. Rd1 Bxg3 30. hxg3 Qg5 31. Rd4 Bg4 32.
Rf4 f5 33. Qxe6+ Kg7 34. f3 Bh3 35. Kh2 Qd8 36. Kxh3 Qd1 37. Qxf5 Qh1+ 38. Kg4
h5+ 39. Kg5 1-0

[Event "FIDE World Senior Team Championship 2020"]
[Site "Olympik hotel, Sokolovska 138,"]
[Date "2020.03.10"]
[Round "5.16"]
[White "Schlag, Andreas"]
[Black "Netusil, Miloslav"]
[Result "0-1"]
[WhiteElo "2057"]
[BlackElo "2151"]
[PlyCount "58"]
[EventDate "2020.03.06"]
[WhiteTeam "GER7"]
[BlackTeam "CZE7"]

1. e4 d5 2. exd5 Qxd5 3. Nc3 Qd6 4. d4 Nf6 5. g3 Bg4 6. f3 Bf5 7. Bg2 Nc6 8.
Nge2 e5 9. dxe5 Qxe5 10. Bf4 Qc5 11. Na4 Qa5+ 12. Nec3 Be7 13. Qe2 Nd4 14. Qc4
Nxc2+ 15. Kf2 Nxa1 16. Rxa1 O-O 17. Bxc7 Rac8 18. Bxa5 Rxc4 19. Bf1 Rcc8 20.
Re1 Bd8 21. Bb4 Re8 22. Ra1 a6 23. g4 Be6 24. Kg2 b5 25. Nc5 a5 26. Nxe6 Rxe6
27. Bxb5 axb4 28. g5 bxc3 29. bxc3 Re5 0-1

[Event "FIDE World Senior Team Championship 2020"]
[Site "Olympik hotel, Sokolovska 138,"]
[Date "2020.03.10"]
[Round "5.16"]
[White "Pilar, Miloslav"]
[Black "Mikolajewski, Armin"]
[Result "1/2-1/2"]
[WhiteElo "2056"]
[BlackElo "1993"]
[PlyCount "24"]
[EventDate "2020.03.06"]
[WhiteTeam "CZE7"]
[BlackTeam "GER7"]

1. d4 Nf6 2. c4 e6 3. Nf3 Bb4+ 4. Bd2 Qe7 5. g3 b6 6. Bg2 Bb7 7. O-O Bxd2 8.
Qxd2 d6 9. Nc3 Ne4 10. Qc2 Nxc3 11. Qxc3 Nd7 12. Nd2 Bxg2 1/2-1/2

[Event "FIDE World Senior Team Championship 2020"]
[Site "Olympik hotel, Sokolovska 138,"]
[Date "2020.03.10"]
[Round "5.16"]
[White "Baerthel, Klaus"]
[Black "Groh, Jiri"]
[Result "0-1"]
[WhiteElo "1875"]
[BlackElo "1979"]
[PlyCount "52"]
[EventDate "2020.03.06"]
[WhiteTeam "GER7"]
[BlackTeam "CZE7"]

1. e4 c5 2. Nf3 Nc6 3. d4 cxd4 4. Nxd4 g6 5. Nc3 Bg7 6. Be3 Nf6 7. Bc4 O-O 8.
Bb3 Re8 9. O-O Nxd4 10. Bxd4 d6 11. e5 dxe5 12. Bxe5 Qa5 13. Qe1 Bf5 14. h3
Rad8 15. Qe2 a6 16. Rad1 h5 17. Rfe1 Rxd1 18. Rxd1 Qc5 19. Nd5 Nxd5 20. Rxd5
Qc6 21. Bxg7 Kxg7 22. Re5 Qd6 23. c3 Qf6 24. Qe3 Bd7 25. Bd5 Qd6 26. Qd3 Qxe5
0-1

[Event "FIDE World Senior Team Championship 2020"]
[Site "Olympik hotel, Sokolovska 138,"]
[Date "2020.03.10"]
[Round "5.16"]
[White "Novotny, Josef"]
[Black "Wendling, Jens"]
[Result "1-0"]
[WhiteElo "1984"]
[BlackElo "1908"]
[PlyCount "57"]
[EventDate "2020.03.06"]
[WhiteTeam "CZE7"]
[BlackTeam "GER7"]

1. d4 d5 2. c4 c6 3. cxd5 Qxd5 4. Nc3 Qd8 5. Nf3 Nf6 6. Bg5 Bf5 7. e3 Nbd7 8.
Bd3 Bxd3 9. Qxd3 Qa5 10. O-O e6 11. a3 Bd6 12. e4 h6 13. Bd2 Be7 14. Nd5 Qd8
15. Nxe7 Qxe7 16. Bb4 Qd8 17. Rfe1 Qc7 18. d5 c5 19. dxe6 cxb4 20. exd7+ Qxd7
21. Qb3 O-O-O 22. Qxb4 Kb8 23. Rac1 Rhe8 24. h3 g5 25. Rc5 Qe7 26. Nd4 Rc8 27.
Rxc8+ Kxc8 28. Rc1+ Kd8 29. Qa5+ 1-0

[Event "FIDE World Senior Team Championship 2020"]
[Site "Olympik hotel, Sokolovska 138,"]
[Date "2020.03.10"]
[Round "5.17"]
[White "Jhunjhnuwala, Krishan"]
[Black "Sommaro, Katja"]
[Result "1/2-1/2"]
[WhiteElo "2341"]
[BlackElo "2075"]
[PlyCount "46"]
[EventDate "2020.03.06"]
[WhiteTeam "USA3"]
[BlackTeam "GERW2"]

1. e4 g6 2. d4 Bg7 3. Nc3 d6 4. Nf3 Nf6 5. Be2 O-O 6. O-O c5 7. dxc5 dxc5 8.
Qxd8 Rxd8 9. Be3 b6 10. Rad1 Nc6 11. Rxd8+ Nxd8 12. Rd1 Bb7 13. e5 Ng4 14. Bg5
Nxe5 15. Nxe5 Bxe5 16. Bxe7 Ne6 17. Bc4 Nd4 18. Bg5 Kg7 19. Rd2 Re8 20. Nd1 Bc6
21. c3 Nf5 22. Ne3 Nxe3 23. Bxe3 Re7 1/2-1/2

[Event "FIDE World Senior Team Championship 2020"]
[Site "Olympik hotel, Sokolovska 138,"]
[Date "2020.03.10"]
[Round "5.17"]
[White "Arnhold, Kerstin"]
[Black "Jhunjhnuwala, Ramesh"]
[Result "1/2-1/2"]
[WhiteElo "1979"]
[BlackElo "2143"]
[PlyCount "52"]
[EventDate "2020.03.06"]
[WhiteTeam "GERW2"]
[BlackTeam "USA3"]

1. e4 c5 2. Nf3 e6 3. d4 cxd4 4. Nxd4 Nf6 5. Nc3 Bb4 6. Bd3 Nc6 7. Nxc6 dxc6 8.
O-O e5 9. Bg5 h6 10. Bh4 Be6 11. Kh1 Qc7 12. Bg3 g5 13. Ne2 O-O-O 14. c3 Be7
15. Qc2 Nh5 16. f3 Nxg3+ 17. Nxg3 Rd7 18. b3 Rhd8 19. Rfd1 Qb6 20. Qe2 Bf8 21.
Rac1 Ba3 22. Rc2 a5 23. Nf1 Bc5 24. Rcd2 Qc7 25. Ne3 Qd6 26. Nf1 Qc7 1/2-1/2

[Event "FIDE World Senior Team Championship 2020"]
[Site "Olympik hotel, Sokolovska 138,"]
[Date "2020.03.10"]
[Round "5.17"]
[White "Jhunjhnuwala, Naresh"]
[Black "Leib, Britta"]
[Result "1/2-1/2"]
[WhiteElo "2085"]
[BlackElo "1908"]
[PlyCount "60"]
[EventDate "2020.03.06"]
[WhiteTeam "USA3"]
[BlackTeam "GERW2"]

1. Nf3 Nf6 2. d4 g6 3. c4 Bg7 4. g3 O-O 5. Bg2 d6 6. O-O c6 7. Nc3 Nbd7 8. e4
e5 9. d5 Nc5 10. Qe2 a5 11. Rb1 Nfxe4 12. Nxe4 Nxe4 13. Nxe5 Nxg3 14. hxg3 Bxe5
15. dxc6 Qc7 16. cxb7 Bxb7 17. Be3 Rfe8 18. Qd3 Rac8 19. b3 Bxg2 20. Kxg2 Qc6+
21. Qd5 Qxd5+ 22. cxd5 Rc2 23. a4 Bb2 24. Bb6 Bc3 25. Rbc1 Ree2 26. Rxc2 Rxc2
27. Rd1 Kf8 28. Rd3 Ke7 29. g4 Bb4 30. Kg3 Rc3 1/2-1/2